| 000 | 00717nam a22002177a 4500 | ||
|---|---|---|---|
| 999 |
_c2824 _d2824 |
||
| 001 | 18747 | ||
| 003 | BD-DhUAP | ||
| 005 | 20200227161916.0 | ||
| 008 | 200227s2006 a a|||| |||| 00| 0 eng d | ||
| 020 | _a1876907819 | ||
| 020 | _a9781876907815 | ||
| 040 |
_aBD-DhUAP _bEng _cBD-DhUAP _dBD-DhUAP |
||
| 082 |
_223 _a720.483 TAL |
||
| 245 |
_aTall Buildings : _bof Eruope, the Middle East and Africa / _cEdited by Georges Binder ; Foreword by Norman Foster. |
||
| 260 |
_aMulgrave : _bThe Images Publishing Group Pty Ltd, _cc 2006. |
||
| 300 |
_a239 pages : _billustrations ; _c30 cm. |
||
| 650 | _aTall buildings. | ||
| 650 |
_aArchitecture, Modern _v 21st century. |
||
| 700 | _aBinder, Georges. | ||
| 942 |
_2ddc _cBK |
||